Normal view MARC view

Entry Topical Term

Number of records used in: 2

001 - CONTROL NUMBER

  • control field: 1235830

003 - CONTROL NUMBER IDENTIFIER

  • control field: OSt

005 - DATE AND TIME OF LATEST TRANSACTION

  • control field: 20260428110447.0

008 - FIXED-LENGTH DATA ELEMENTS

  • fixed length control field: 260428|| aca||aabn | a|a d

040 ## - CATALOGING SOURCE

  • Original cataloging agency: OSt
  • Transcribing agency: OSt

150 ## - HEADING--TOPICAL TERM

  • Topical term or geographic name entry element: ANCIENT BHARATIYA ASTRONOMY- PHILOSOPHICAL DEPTH

670 ## - SOURCE DATA FOUND

  • Source citation: Work cat.: (OSt)1848320: Sharma, Raj Kishore, Ed. 1235179, Bharatiya kala- darsana: , 2025
Copyright @ Delhi University Library System